[Event "4th Chessfestival Gredine 2018"]
[Site "Ortisei"]
[Date "2018.06.19"]
[Round "4.11"]
[White "Borgo, Giulio"]
[Black "Johnsen, Gunnar"]
[Result "1-0"]
[WhiteElo "2397"]
[BlackElo "2188"]
[Annotator "NA"]
[PlyCount "77"]
[EventDate "2018.06.16"]
[EventType "swiss"]
[EventCountry "ITA"]
[SourceTitle "playchess.com"]
[Source "ChessBase"]
[SourceQuality "1"]
[TimeControl "40/5400+30:1800+30"]

1. e4 {[%emt 0:02:30]} d6 {[%emt 0:01:00]} 2. d4 {[%emt 0:00:30]} Nf6 {[%emt 0:00:00]} 3. Nc3 {[%emt 0:00:00]} g6 {[%emt 0:00:00]} 4. Bg5 {[%emt 0:01:00]} c6 {[%emt 0:00:30]} 5. Qd2 {[%emt 0:05:30]} Nbd7 {[%emt 0:00:30]} 6. f3 {[%emt 0:06:30]} Bg7 {[%emt 0:07:30]} 7. O-O-O {[%emt 0:00:30]} Qa5 {[%emt 0:00:30]} 8. Kb1 {[%emt 0:00:30]} O-O {[%emt 0:08:30]} 9. h4 {[%emt 0:06:30]} b5 {[%emt 0:07:30]} 10. h5 {[%emt 0:01:30]} b4 {[%emt 0:00:30]} 11. Nce2 {[%emt 0:01:30]} Nb6 {[%emt 0:00:30] [#]} 12. Nc1 $1 {[%emt 0:01:30]} Be6 {[%emt 0:07:30]} 13. g4 {[%emt 0:09:30]} Rfc8 {[%emt 0:10:30]} 14. Nh3 {[%emt 0:11:30]} c5 {[%emt 0:04:30]} 15. hxg6 {[%emt 0:11:30]} fxg6 $18 {[%emt 0:00:30]} (15... hxg6 {keeps fighting.} 16. d5 Bd7) 16. Nf4 {[%emt 0:00:30]} Bxa2+ {[%emt 0:33:53]} 17. Nxa2 {[%emt 0:01:30]} c4 {[%emt 0:03:27]} 18. Bxf6 {[%emt 0:17:36]} c3 {[%emt 0:00:16]} 19. Qe2 {[%emt 0:10:46]} b3 {[%emt 0:07:13]} 20. Nxc3 {[%emt 0:00:19]} Rxc3 {[%emt 0:01:53]} 21. cxb3 {[%emt 0:01:26]} Rxb3 {[%emt 0:00:46]} 22. Qc2 {[%emt 0:03:02]} Qa4 {[%emt 0:01:40]} 23. Rd3 {[%emt 0:01:32]} Rxd3 {[%emt 0:00:12]} 24. Qxa4 {[%emt 0:01:11]} Nxa4 {[%emt 0:00:02]} 25. Bxg7 {[%emt 0:02:07]} Rd1+ {[%emt 0:00:07]} 26. Kc2 {[%emt 0:00:27]} Rxf1 {[%emt 0:00:05]} 27. Rxf1 {[%emt 0:00:13]} Kxg7 {[%emt 0:00:01]} 28. Ra1 {[%emt 0:00:46]} Nb6 {[%emt 0:00:24]} 29. Ra6 {[%emt 0:00:36]} Kf6 {[%emt 0:00:25]} 30. Kd3 {[%emt 0:00:25]} e6 {[%emt 0:00:17]} 31. g5+ {[%emt 0:01:21]} Kxg5 {[%emt 0:00:40]} 32. Nxe6+ {[%emt 0:00:05]} Kh4 {[%emt 0:00:03]} 33. Ra1 {[%emt 0:00:53]} Kg3 {[%emt 0:00:32]} 34. Ke2 {[%emt 0:00:46]} Rc8 {[%emt 0:00:45]} 35. Rg1+ {[%emt 0:00:47]} Kh2 {[%emt 0:00:10]} 36. Rb1 {[%emt 0:00:25]} Rc2+ {[%emt 0:00:47]} 37. Kd3 {[%emt 0:00:16]} Rf2 {[%emt 0:00:19]} 38. Ke3 {[%emt 0:00:56]} Rxb2 {[%emt 0:00:16]} 39. Rxb2+ {[%emt 0:00:02]} 1-0

[Event "4th Chessfestival Gredine 2018"]
[Site "Ortisei"]
[Date "2018.06.19"]
[Round "4.12"]
[White "Volkov, Dmitriy"]
[Black "Moroder, Stefan"]
[Result "1-0"]
[WhiteElo "2334"]
[BlackElo "2183"]
[Annotator "NA"]
[PlyCount "81"]
[EventDate "2018.06.16"]
[EventType "swiss"]
[EventCountry "ITA"]
[SourceTitle "playchess.com"]
[Source "ChessBase"]
[SourceQuality "1"]
[TimeControl "40/5400+30:1800+30"]

1. e4 {[%emt 0:00:30]} c6 {[%emt 0:01:00]} 2. d4 {[%emt 0:00:00]} d5 {[%emt 0:00:00]} 3. e5 {[%emt 0:00:00]} Bf5 {[%emt 0:00:00]} 4. h4 {[%emt 0:00:00]} h5 {[%emt 0:00:30]} 5. Bd3 {[%emt 0:00:00] LiveBook: 314 Games} Bxd3 {[%emt 0:00:30]} 6. Qxd3 {[%emt 0:00:30]} e6 {[%emt 0:00:30]} 7. Bg5 {[%emt 0:00:00]} Qa5+ {[%emt 0:00:30]} 8. Nd2 {[%emt 0:00:00]} Qa6 {[%emt 0:01:30]} 9. c4 {[%emt 0:00:00]} Nd7 {[%emt 0:01:30]} 10. b3 {[%emt 0:04:00]} Ne7 {[%emt 0:07:30]} 11. Ngf3 {[%emt 0:07:30]} Nf5 {[%emt 0:08:30]} 12. O-O {[%emt 0:04:30]} Bb4 {[%emt 0:28:30]} 13. Qc2 {[%emt 0:08:30]} f6 $16 {[%emt 0:09:30]} (13... O-O $11) 14. exf6 {[%emt 0:06:30]} gxf6 {[%emt 0:01:30]} 15. Rfe1 {[%emt 0:01:30]} Ne7 {[%emt 0:11:30]} 16. a3 {[%emt 0:03:30]} Bxd2 {[%emt 0:05:43]} 17. Bxd2 {[%emt 0:00:30]} Kf7 {[%emt 0:00:51]} 18. Bb4 {[%emt 0:08:30]} Rae8 {[%emt 0:00:23]} 19. Qd2 {[%emt 0:05:30]} Ng6 {[%emt 0:02:24]} 20. Rac1 {[%emt 0:01:30]} Nb6 {[%emt 0:02:58]} 21. Qc2 {[%emt 0:01:30]} Rhg8 {[%emt 0:01:18]} 22. Re3 {[%emt 0:01:30]} Rg7 {[%emt 0:03:27]} 23. Bd6 {[%emt 0:03:30]} Nc8 {[%emt 0:00:51]} 24. Bc5 {[%emt 0:00:30]} b6 {[%emt 0:01:50]} 25. Bb4 {[%emt 0:00:00]} dxc4 {[%emt 0:01:35]} 26. bxc4 {[%emt 0:00:00]} Qb7 {[%emt 0:00:58]} 27. a4 {[%emt 0:03:30]} Qc7 {[%emt 0:02:36]} 28. Rce1 {[%emt 0:02:30]} c5 {[%emt 0:00:53]} 29. Bc3 {[%emt 0:04:30]} Nf4 {[%emt 0:02:27]} 30. g3 {[%emt 0:00:30]} cxd4 {[%emt 0:00:09]} 31. Bxd4 {[%emt 0:01:30]} Nd6 {[%emt 0:02:12]} 32. Ng5+ {[%emt 0:04:30]} Rxg5 {[%emt 0:00:16]} 33. hxg5 {[%emt 0:00:30]} Nh3+ {[%emt 0:00:11]} 34. Kh2 {[%emt 0:00:00]} Nxg5 {[%emt 0:00:33]} 35. f4 {[%emt 0:00:00]} Nf5 {[%emt 0:01:13]} 36. fxg5 {[%emt 0:00:30]} h4 {[%emt 0:00:36]} 37. Bxf6 {[%emt 0:01:30]} hxg3+ {[%emt 0:00:41]} 38. Kh3 {[%emt 0:01:30]} Kg6 {[%emt 0:00:55]} 39. Kg2 {[%emt 0:04:30]} Qc6+ {[%emt 0:01:12]} 40. Qe4 {[%emt 0:00:30]} Qxa4 {[%emt 0:30:34]} 41. Rxg3 {[%emt 0:01:30]} 1-0

[Event "4th Chessfestival Gredine 2018"]
[Site "Ortisei"]
[Date "2018.06.19"]
[Round "4.13"]
[White "Seyb, Dieter"]
[Black "Sarkar, Justin"]
[Result "1/2-1/2"]
[WhiteElo "2179"]
[BlackElo "2297"]
[Annotator "NA"]
[PlyCount "57"]
[EventDate "2018.06.16"]
[EventType "swiss"]
[EventCountry "ITA"]
[SourceTitle "playchess.com"]
[Source "ChessBase"]
[SourceQuality "1"]
[TimeControl "40/5400+30:1800+30"]

1. e4 {[%emt 0:00:30]} e5 {[%emt 0:01:00]} 2. Nf3 {[%emt 0:00:00]} Nc6 {[%emt 0:00:30]} 3. d4 {[%emt 0:00:00]} exd4 {[%emt 0:00:00]} 4. Nxd4 {[%emt 0:00:00]} g6 {[%emt 0:01:00]} 5. Nc3 {[%emt 0:03:00]} Bg7 {[%emt 0:00:30]} 6. Nxc6 {[%emt 0:04:30]} bxc6 {[%emt 0:02:30]} 7. Bc4 {[%emt 0:02:30]} Ne7 {[%emt 0:00:30]} 8. O-O {[%emt 0:03:30]} O-O {[%emt 0:00:00] C46: 3 Nc3: Unusual Black 3rd moves} 9. Be3 {[%emt 0:14:30]} (9. Bg5 d6 10. Qd2 Be6 11. Bb3 Qd7 12. Rfe1 Rfe8 13. Ba4 f6 14. Be3 Nc8 15. Qd3 Nb6 16. Bb3 c5 17. Bxe6+ Qxe6 {½-½ (41) Ganguly,S (2615)-Mamedyarov,S (2757) Doha 2014}) 9... Bb7 {[%emt 0:00:00]} 10. Bd4 {[%emt 0:02:30]} d6 $146 {[%emt 0:01:30]} ({Predecessor:} 10... Bxd4 11. Qxd4 d5 12. Bb3 Qd6 13. Na4 dxe4 14. Qxe4 {½-½ (30) Ruchieva,N (2254)-Travkina,A (2292) Sochi 2016}) 11. Bxg7 {[%emt 0:01:30]} Kxg7 {[%emt 0:00:00]} 12. Qd4+ {[%emt 0:02:30]} f6 {[%emt 0:01:00]} 13. b4 {[%emt 0:06:30]} a5 {[%emt 0:01:30]} 14. a3 {[%emt 0:00:30]} Ba6 {[%emt 0:00:30]} 15. b5 {[%emt 0:04:30]} cxb5 {[%emt 0:00:30]} 16. Bxb5 {[%emt 0:00:30]} Bxb5 {[%emt 0:10:30]} 17. Nxb5 {[%emt 0:00:30]} Qd7 {[%emt 0:00:30]} 18. c4 {[%emt 0:07:30]} Nc6 {[%emt 0:01:30]} 19. Qc3 {[%emt 0:00:30]} Rae8 {[%emt 0:02:30]} 20. f3 {[%emt 0:02:30]} Re5 {[%emt 0:01:30]} 21. Rad1 {[%emt 0:02:30]} Rf7 {[%emt 0:03:30]} 22. Rd5 {[%emt 0:02:30]} Ne7 {[%emt 0:02:30]} 23. Rxe5 $11 {[%emt 0:06:30]} dxe5 {[%emt 0:00:00]} 24. Qxa5 {[%emt 0:01:30]} c6 {[%emt 0:00:00]} 25. Qc7 {[%emt 0:01:30]} Nc8 {[%emt 0:01:30]} 26. Qxd7 {[%emt 0:01:30]} Rxd7 {[%emt 0:00:30]} 27. Nc3 {[%emt 0:00:30]} Rd4 {[%emt 0:04:30]} 28. Rc1 {[%emt 0:04:30]} Rxc4 {[%emt 0:07:30]} 29. Ne2 1/2-1/2

[Event "4th Chessfestival Gredine 2018"]
[Site "Ortisei"]
[Date "2018.06.19"]
[Round "4.14"]
[White "Kumar, Nikhil"]
[Black "Arne, Mike"]
[Result "1-0"]
[WhiteElo "2286"]
[BlackElo "2181"]
[Annotator "NA"]
[PlyCount "63"]
[EventDate "2018.06.16"]
[EventType "swiss"]
[EventCountry "ITA"]
[SourceTitle "playchess.com"]
[Source "ChessBase"]
[SourceQuality "1"]
[TimeControl "40/5400+30:1800+30"]

1. d4 {[%emt 0:00:30]} d5 {[%emt 0:01:00]} 2. Nf3 {[%emt 0:00:00]} c5 {[%emt 0:00:30]} 3. c4 {[%emt 0:01:00]} cxd4 {[%emt 0:00:00]} 4. cxd5 {[%emt 0:01:30]} Qa5+ {[%emt 0:00:00]} 5. Qd2 {[%emt 0:00:30]} Qxd5 {[%emt 0:00:30] D06: Queen's Gambit: Symmetrical and Baltic Defences} 6. Nc3 {[%emt 0:00:30]} Qa5 {[%emt 0:00:00]} 7. Nxd4 {[%emt 0:00:00]} e5 {[%emt 0:01:00]} 8. Nb3 {[%emt 0:00:00]} Qb4 {[%emt 0:00:00]} 9. Nd5 {[%emt 0:00:30]} Qd6 {[%emt 0:00:00]} 10. g3 {[%emt 0:00:30]} Nf6 {[%emt 0:00:30]} 11. Bg2 {[%emt 0:00:30]} Nxd5 {[%emt 0:00:30]} 12. Qxd5 {[%emt 0:00:30]} Qxd5 {[%emt 0:00:30]} 13. Bxd5 {[%emt 0:00:00]} Bb4+ $146 {[%emt 0:00:30]} 14. Bd2 {[%emt 0:00:00]} Na6 {[%emt 0:00:00]} 15. a3 {[%emt 0:23:30]} Bxd2+ {[%emt 0:00:00]} 16. Nxd2 {[%emt 0:03:30]} Ke7 {[%emt 0:00:30]} 17. Rc1 {[%emt 0:00:30]} Rd8 {[%emt 0:01:30]} 18. e4 {[%emt 0:00:30]} Rb8 {[%emt 0:02:30]} 19. b4 {[%emt 0:04:30]} b6 {[%emt 0:02:30]} 20. Nc4 {[%emt 0:03:30]} f6 {[%emt 0:00:30]} 21. Ne3 {[%emt 0:07:30]} Bb7 {[%emt 0:08:30]} 22. Ke2 {[%emt 0:04:30]} Bxd5 {[%emt 0:00:00]} 23. Nxd5+ {[%emt 0:00:00]} Ke6 {[%emt 0:01:00]} 24. Rc6+ {[%emt 0:01:00]} Kd7 {[%emt 0:06:30]} 25. b5 {[%emt 0:01:30]} Nc5 {[%emt 0:00:30] [#]} 26. Rc7+ $1 {[%emt 0:01:30]} Ke6 $18 {[%emt 0:02:30]} 27. Re7+ {[%emt 0:05:30]} Kd6 {[%emt 0:00:30]} 28. Rxg7 {[%emt 0:00:30]} Nxe4 {[%emt 0:08:30]} 29. Rd1 {[%emt 0:01:30]} Kc5 {[%emt 0:00:30]} 30. Rc7+ {[%emt 0:00:30]} Kd6 {[%emt 0:00:30]} 31. Rc6+ {[%emt 0:00:00]} Kd7 {[%emt 0:01:30]} 32. Nxf6+ {[%emt 0:01:00]} 1-0

[Event "4th Chessfestival Gredine 2018"]
[Site "Ortisei"]
[Date "2018.06.19"]
[Round "4.15"]
[White "Riebel, Werner"]
[Black "Fischer, Daniel"]
[Result "1/2-1/2"]
[WhiteElo "2113"]
[BlackElo "2263"]
[Annotator "NA"]
[PlyCount "144"]
[EventDate "2018.06.16"]
[EventType "swiss"]
[EventCountry "ITA"]
[SourceTitle "playchess.com"]
[Source "ChessBase"]
[SourceQuality "1"]
[TimeControl "40/5400+30:1800+30"]

1. d4 {[%emt 0:00:30]} Nf6 {[%emt 0:01:00]} 2. Bg5 {[%emt 0:00:00]} d5 {[%emt 0:00:30]} 3. c3 {[%emt 0:01:00]} e6 {[%emt 0:02:30]} 4. Nd2 {[%emt 0:00:30]} c5 {[%emt 0:07:30]} 5. e3 {[%emt 0:00:30]} Nbd7 {[%emt 0:03:30]} 6. f4 {[%emt 0:00:30]} Be7 {[%emt 0:02:30]} 7. Bd3 {[%emt 0:00:00]} b6 {[%emt 0:03:30]} 8. Nh3 {[%emt 0:00:00]} Bb7 {[%emt 0:01:30]} 9. Nf2 {[%emt 0:00:30]} O-O {[%emt 0:04:30]} 10. O-O {[%emt 0:00:30]} Ne8 {[%emt 0:08:30]} 11. Bxe7 {[%emt 0:01:30]} Qxe7 {[%emt 0:00:00]} 12. Qh5 {[%emt 0:00:00]} f5 {[%emt 0:06:00]} 13. Nf3 {[%emt 0:06:00]} Nd6 {[%emt 0:03:30]} 14. Ne5 {[%emt 0:02:30]} Ne4 {[%emt 0:02:30]} 15. Nxd7 {[%emt 0:06:30]} Qxd7 {[%emt 0:01:30]} 16. Qe2 {[%emt 0:12:30]} Nd6 $11 {[%emt 0:05:30]} 17. Nh3 {[%emt 0:05:30]} c4 {[%emt 0:02:30]} 18. Bc2 {[%emt 0:00:00]} b5 {[%emt 0:02:30]} 19. a3 {[%emt 0:01:00]} a5 {[%emt 0:00:30]} 20. Ng5 {[%emt 0:00:30]} Bc6 {[%emt 0:05:30]} 21. g4 {[%emt 0:01:30]} Nf7 {[%emt 0:07:30]} 22. Nf3 {[%emt 0:11:30]} g6 {[%emt 0:10:28]} 23. Kh1 {[%emt 0:03:30]} Kh8 {[%emt 0:02:02]} 24. Rg1 {[%emt 0:01:30]} Rab8 {[%emt 0:01:40]} 25. h4 {[%emt 0:01:30]} Rg8 {[%emt 0:01:52]} 26. Rg2 {[%emt 0:06:30]} Qe7 {[%emt 0:01:32]} 27. h5 {[%emt 0:07:30]} Bd7 {[%emt 0:01:07]} 28. hxg6 {[%emt 0:01:30]} Rxg6 {[%emt 0:01:34]} 29. g5 {[%emt 0:09:30]} Rbg8 {[%emt 0:02:17]} 30. Rh2 {[%emt 0:03:04]} R6g7 {[%emt 0:01:52]} 31. Rg1 {[%emt 0:01:30]} Be8 {[%emt 0:01:10]} 32. Qe1 {[%emt 0:00:42]} Nd6 {[%emt 0:01:21]} 33. Qh4 {[%emt 0:00:49]} Bg6 {[%emt 0:00:24]} 34. Ne5 {[%emt 0:00:22]} Rc8 {[%emt 0:01:49]} 35. Bd1 {[%emt 0:02:51]} Kg8 {[%emt 0:01:06]} 36. Rg3 {[%emt 0:01:17]} Nf7 {[%emt 0:01:00]} 37. Nxf7 {[%emt 0:03:06]} Kxf7 {[%emt 0:00:18]} 38. Bh5 {[%emt 0:00:35]} Rcg8 {[%emt 0:00:44]} 39. Rgh3 {[%emt 0:00:47]} Qb7 {[%emt 0:01:15]} 40. Qe1 {[%emt 0:00:17]} Ke7 {[%emt 0:31:05]} 41. Kg2 {[%emt 0:31:03]} Kd6 {[%emt 0:00:43]} 42. Kf3 {[%emt 0:00:00]} a4 {[%emt 0:00:00]} 43. Kf2 {[%emt 0:00:00]} Qf7 {[%emt 0:00:00]} 44. Bxg6 {[%emt 0:00:00]} hxg6 {[%emt 0:00:00]} 45. Qh1 {[%emt 0:00:00]} Kc7 {[%emt 0:00:00]} 46. Rh8 {[%emt 0:00:00]} Kb7 {[%emt 0:00:00]} 47. Ke2 {[%emt 0:00:00]} Ka7 {[%emt 0:00:00]} 48. Kd2 {[%emt 0:00:00]} Kb7 {[%emt 0:00:06]} 49. Kc2 {[%emt 0:00:00]} Ka6 {[%emt 0:00:43]} 50. Kb1 {[%emt 0:00:00]} Ka7 {[%emt 0:01:13]} 51. Ka2 {[%emt 0:00:00]} Kb7 {[%emt 0:00:30]} 52. Rxg8 {[%emt 0:00:00]} Rxg8 {[%emt 0:00:30]} 53. Rh7 {[%emt 0:00:00]} Rg7 {[%emt 0:00:35]} 54. Rh8 {[%emt 0:00:00]} Rg8 {[%emt 0:00:14]} 55. Qh6 {[%emt 0:00:00]} Rxh8 {[%emt 0:00:30]} 56. Qxh8 {[%emt 0:00:00]} Ka7 {[%emt 0:00:30]} 57. Qf6 {[%emt 0:00:00]} Qe8 {[%emt 0:00:30]} 58. Qe5 {[%emt 0:00:00]} Kb7 {[%emt 0:00:30]} 59. Qd6 {[%emt 0:00:00]} Kc8 {[%emt 0:00:30]} 60. Qa6+ {[%emt 0:00:00]} Kb8 {[%emt 0:00:30]} 61. Qb6+ {[%emt 0:00:00]} Kc8 {[%emt 0:00:35]} 62. Qa7 {[%emt 0:00:00]} Kd8 {[%emt 0:00:30]} 63. Qb7 {[%emt 0:00:00]} Qd7 {[%emt 0:00:15]} 64. Qb8+ {[%emt 0:00:00]} Ke7 {[%emt 0:00:30]} 65. Qe5 {[%emt 0:00:00]} Qe8 {[%emt 0:00:30]} 66. Qf6+ {[%emt 0:00:00]} Kd7 {[%emt 0:00:30]} 67. Qg7+ {[%emt 0:00:00]} Kc8 {[%emt 0:00:30]} 68. Qa7 {[%emt 0:00:00]} Kd8 {[%emt 0:00:30]} 69. Qc5 {[%emt 0:00:00]} Qd7 {[%emt 0:00:42]} 70. Kb1 {[%emt 0:01:07]} Qe8 {[%emt 0:01:07]} 71. Qb6+ {[%emt 0:02:30]} Ke7 {[%emt 0:00:10]} 72. Qc5+ {[%emt 0:00:30]} Kd8 {[%emt 0:00:07]} 1/2-1/2

[Event "4th Chessfestival Gredine 2018"]
[Site "Ortisei"]
[Date "2018.06.19"]
[Round "4.16"]
[White "Vaishali R"]
[Black "Panjkovic, Aleksandar"]
[Result "1-0"]
[WhiteElo "2310"]
[BlackElo "2126"]
[Annotator "NA"]
[PlyCount "79"]
[EventDate "2018.06.16"]
[EventType "swiss"]
[EventCountry "ITA"]
[SourceTitle "playchess.com"]
[Source "ChessBase"]
[SourceQuality "1"]
[TimeControl "40/5400+30:1800+30"]

1. e4 {[%emt 0:00:30]} d6 {[%emt 0:01:00]} 2. d4 {[%emt 0:00:00]} c6 {[%emt 0:00:30]} 3. Nc3 {[%emt 0:02:00]} Qc7 {[%emt 0:00:30]} 4. a4 {[%emt 0:00:30] B12: Caro-Kann (Vorstoß-Variante)} (4. f4 e5 5. Nf3 Bg4 6. Be3 Nd7 7. h3 Bxf3 8. Qxf3 Ngf6 9. g4 O-O-O 10. O-O-O h6 11. Bc4 Nb6 12. Bb3 {1-0 (21) Leko,P (2693)-Auzins,A (2151) Tallinn 2016}) 4... e5 {[%emt 0:01:30]} 5. Bc4 {[%emt 0:01:30]} Nf6 {[%emt 0:01:30]} 6. Nge2 {[%emt 0:09:30]} Be7 {[%emt 0:00:30]} 7. O-O {[%emt 0:00:30]} O-O {[%emt 0:00:30]} 8. d5 {[%emt 0:02:30]} Nbd7 {[%emt 0:06:30]} 9. a5 $146 {[%emt 0:01:30]} ({Vorgänger:} 9. Bg5 Nb6 10. Bxf6 Bxf6 11. Bb3 a5 12. Qd3 {0-1 (40) Paris,G (1849)-Molina,F (2276) Campodarsego 2005}) 9... b5 {[%emt 0:05:30]} 10. dxc6 {[%emt 0:02:30]} bxc4 {[%emt 0:00:30]} 11. cxd7 {[%emt 0:00:00]} Bxd7 {[%emt 0:01:30]} 12. Bg5 {[%emt 0:01:00]} Bc6 {[%emt 0:09:30]} 13. Bxf6 {[%emt 0:01:30]} Bxf6 {[%emt 0:00:30]} 14. Nd5 {[%emt 0:00:30]} Bxd5 {[%emt 0:07:30]} 15. Qxd5 {[%emt 0:00:00]} Rab8 {[%emt 0:01:30]} 16. Rfb1 {[%emt 0:05:00]} Rfc8 {[%emt 0:02:30]} 17. Nc3 {[%emt 0:04:30]} Qc5 {[%emt 0:01:30]} 18. Qd2 {[%emt 0:18:30]} Bd8 {[%emt 0:00:30]} 19. Nd5 {[%emt 0:02:30]} Rb5 $14 {[%emt 0:04:30]} 20. b4 {[%emt 0:02:30]} c3 {[%emt 0:22:30]} 21. Qe1 {[%emt 0:08:30]} Qc6 {[%emt 0:09:30]} 22. Rb3 {[%emt 0:03:30]} f5 {[%emt 0:02:24]} 23. Rxc3 {[%emt 0:04:30]} Qd7 {[%emt 0:00:30]} 24. Rxc8 {[%emt 0:00:30]} Qxc8 {[%emt 0:00:08]} 25. Qe2 {[%emt 0:01:30]} Rb7 {[%emt 0:02:12]} 26. c4 {[%emt 0:03:30]} Rf7 {[%emt 0:02:45]} 27. Rc1 {[%emt 0:04:55]} Bh4 {[%emt 0:01:04]} 28. f3 {[%emt 0:01:30]} f4 {[%emt 0:01:23]} 29. c5 {[%emt 0:00:51]} dxc5 {[%emt 0:01:31]} 30. Rxc5 {[%emt 0:00:14]} Qb8 {[%emt 0:00:47]} 31. Qc4 {[%emt 0:00:13]} Rf8 {[%emt 0:02:37]} 32. Nxf4+ {[%emt 0:01:59]} Kh8 {[%emt 0:00:16]} 33. Ne6 {[%emt 0:01:03]} Re8 {[%emt 0:00:26]} 34. Qb5 {[%emt 0:01:01]} Be1 {[%emt 0:05:04]} 35. Qd7 {[%emt 0:01:52]} Rg8 {[%emt 0:01:39]} 36. Ng5 {[%emt 0:00:29]} h6 {[%emt 0:00:38]} 37. Nf7+ {[%emt 0:00:18]} Kh7 {[%emt 0:00:07]} 38. Rc7 {[%emt 0:03:55]} Bxb4 {[%emt 0:01:42]} 39. Qf5+ {[%emt 0:00:11]} g6 {[%emt 0:00:08]} 40. Ng5+ {[%emt 0:00:04]} 1-0

[Event "4th Chessfestival Gredine 2018"]
[Site "Ortisei"]
[Date "2018.06.19"]
[Round "4.17"]
[White "Dittmar, Peter"]
[Black "Uhl, Michael"]
[Result "0-1"]
[WhiteElo "2252"]
[BlackElo "2116"]
[Annotator "NA"]
[PlyCount "160"]
[EventDate "2018.06.16"]
[EventType "swiss"]
[EventCountry "ITA"]
[SourceTitle "playchess.com"]
[Source "ChessBase"]
[SourceQuality "1"]
[TimeControl "40/5400+30:1800+30"]

1. d4 {[%emt 0:05:30]} d5 {[%emt 0:01:00]} 2. c4 {[%emt 0:00:30]} e6 {[%emt 0:00:00]} 3. Nc3 {[%emt 0:00:30]} Nf6 {[%emt 0:00:00]} 4. cxd5 {[%emt 0:00:00]} exd5 {[%emt 0:00:30]} 5. Bg5 {[%emt 0:00:00]} Be7 {[%emt 0:00:30]} 6. e3 {[%emt 0:00:30]} O-O {[%emt 0:00:30]} 7. Bd3 {[%emt 0:00:00]} Nbd7 {[%emt 0:00:30]} 8. Qc2 {[%emt 0:00:00]} c6 {[%emt 0:02:30]} 9. Nf3 {[%emt 0:07:30]} Re8 {[%emt 0:00:30]} 10. O-O {[%emt 0:00:30]} Nf8 {[%emt 0:01:30]} 11. h3 {[%emt 0:00:30]} Ne4 {[%emt 0:05:30]} 12. Bf4 {[%emt 0:00:30]} f5 {[%emt 0:02:30]} 13. Ne5 {[%emt 0:00:30]} Ng6 {[%emt 0:07:30]} 14. Nxg6 {[%emt 0:14:30] D36: Queen's Gambit Declined: Exchange Variation: Main line (5 Bg5 c6 6 Qc2)} hxg6 {[%emt 0:00:30]} 15. f3 {[%emt 0:00:30] LiveBook: 15 Games} Nd6 {[%emt 0:10:30]} 16. Rad1 {[%emt 0:07:30]} Bg5 {[%emt 0:02:30] [#]} 17. Rfe1 $146 {[%emt 0:05:30]} ({Predecessor:} 17. Bxg5 Qxg5 18. f4 Qf6 19. Rf3 Bd7 20. Na4 b6 21. b3 Re7 {½-½ (44) Cebalo,M (2505)-Saric,I (2489) Sibenik 2006}) 17... Bxf4 {[%emt 0:02:30]} 18. exf4 {[%emt 0:00:00]} Rxe1+ {[%emt 0:00:30]} 19. Rxe1 {[%emt 0:00:00]} Qh4 {[%emt 0:00:30]} 20. Qd2 {[%emt 0:03:30]} Bd7 {[%emt 0:01:30]} 21. Kh2 {[%emt 0:02:30]} Kf7 {[%emt 0:02:30]} 22. g3 {[%emt 0:03:30]} Qf6 {[%emt 0:01:30]} 23. Re5 {[%emt 0:00:00]} Kf8 {[%emt 0:01:30]} 24. Na4 {[%emt 0:03:00]} b6 {[%emt 0:05:30]} 25. h4 {[%emt 0:02:30]} Nf7 {[%emt 0:03:30]} 26. Qb4+ {[%emt 0:00:30]} Kg8 $11 {[%emt 0:03:30]} ({Black should try} 26... c5 $1 $17 {[%cal Rc5b4]} 27. Nxc5 bxc5 28. Qxc5+ Kg8) 27. Re2 {[%emt 0:00:30]} Qd6 {[%emt 0:01:30]} 28. Qxd6 {[%emt 0:03:30]} Nxd6 {[%emt 0:00:30]} 29. Re7 {[%emt 0:00:30]} Rd8 {[%emt 0:00:30]} 30. Nc3 {[%emt 0:00:30]} Kf8 {[%emt 0:00:30]} 31. Re5 {[%emt 0:00:30]} Nf7 {[%emt 0:01:30]} 32. Re2 {[%emt 0:00:30]} Re8 {[%emt 0:00:00]} 33. Kg2 {[%emt 0:00:30]} Rxe2+ {[%emt 0:00:00]} 34. Bxe2 {[%emt 0:00:00]} Ke7 {[%emt 0:00:30]} 35. Kf2 {[%emt 0:00:00]} Kd6 {[%emt 0:01:30]} 36. Ke3 {[%emt 0:00:30]} c5 {[%emt 0:01:30]} 37. Nb5+ {[%emt 0:01:30]} Bxb5 {[%emt 0:15:30]} 38. Bxb5 {[%emt 0:00:30]} Ke6 {[%emt 0:02:30]} 39. Bd3 {[%emt 0:05:30]} Nd6 {[%emt 0:00:30]} 40. b3 {[%emt 0:00:30]} Kd7 {[%emt 0:34:30]} 41. Bf1 {[%emt 0:40:30]} Kc6 {[%emt 0:00:30]} 42. Bd3 {[%emt 0:01:30]} c4 {[%emt 0:12:21]} 43. Bc2 {[%emt 0:00:00]} Kb5 {[%emt 0:04:40]} 44. a3 {[%emt 0:00:00]} a5 {[%emt 0:00:00]} 45. Kd2 {[%emt 0:00:00]} Kc6 {[%emt 0:00:00]} 46. b4 {[%emt 0:00:00]} Kb5 {[%emt 0:00:00]} 47. Kc3 {[%emt 0:00:00]} axb4+ {[%emt 0:00:00]} 48. axb4 {[%emt 0:00:00]} Ka6 {[%emt 0:00:00]} 49. Kd2 {[%emt 0:00:00]} Nb5 {[%emt 0:00:00]} 50. Ke3 {[%emt 0:00:00]} Nc3 {[%emt 0:00:00]} 51. h5 {[%emt 0:00:00]} gxh5 {[%emt 0:00:00]} 52. Bxf5 {[%emt 0:00:00]} Na2 {[%emt 0:00:00]} 53. Bg6 {[%emt 0:00:00]} Nxb4 {[%emt 0:00:00]} 54. Bxh5 {[%emt 0:00:00]} Nc2+ {[%emt 0:00:00]} 55. Kd2 {[%emt 0:00:00]} Nxd4 {[%emt 0:00:00]} 56. Bf7 {[%emt 0:00:00]} Kb5 {[%emt 0:00:00]} 57. Bxd5 {[%emt 0:00:00]} Kc5 {[%emt 0:00:00]} 58. Be4 {[%emt 0:00:00]} b5 {[%emt 0:00:00]} 59. g4 {[%emt 0:00:00]} b4 {[%emt 0:00:00]} 60. f5 {[%emt 0:00:00]} c3+ {[%emt 0:00:00]} 61. Kd3 {[%emt 0:00:00]} c2 {[%emt 0:00:00]} 62. Kd2 {[%emt 0:00:00]} b3 {[%emt 0:00:00]} 63. g5 {[%emt 0:00:00]} Ne2 {[%emt 0:00:43]} 64. Bxc2 {[%emt 0:00:00]} bxc2 {[%emt 0:00:10]} 65. Kxc2 {[%emt 0:00:00]} Nd4+ {[%emt 0:00:25]} 66. Kd3 {[%emt 0:00:00]} Nxf5 {[%emt 0:00:41]} 67. Ke4 {[%emt 0:00:00]} Nh4 {[%emt 0:03:58]} 68. f4 {[%emt 0:00:00]} Kd6 {[%emt 0:00:21]} 69. f5 {[%emt 0:00:00]} Ng2 {[%emt 0:01:06]} 70. Kf3 {[%emt 0:07:00]} Ne1+ {[%emt 0:00:37]} 71. Ke4 {[%emt 0:00:30]} Nc2 {[%emt 0:00:21]} 72. Kd3 {[%emt 0:00:30]} Nb4+ {[%emt 0:00:11]} 73. Ke4 {[%emt 0:00:00]} Nc6 {[%emt 0:00:17]} 74. Kf4 {[%emt 0:01:00]} Nd8 {[%emt 0:00:27]} 75. Ke4 {[%emt 0:00:30]} Nc6 {[%emt 0:02:10]} 76. Kf4 {[%emt 0:00:30]} Nb8 {[%emt 0:00:11]} 77. Ke4 {[%emt 0:01:30]} Nd7 {[%emt 0:00:07]} 78. Kd4 {[%emt 0:00:30]} Nf8 {[%emt 0:00:18]} 79. Ke4 {[%emt 0:00:30]} Nh7 {[%emt 0:00:09]} 80. Kf4 {[%emt 0:00:30]} Kd5 {[%emt 0:02:04]} 0-1